| 000 | 00446nam a2200169Ia 4500 | ||
|---|---|---|---|
| 001 | 58662 | ||
| 008 | 150604n ii |||gr||||Z||||||465 | ||
| 020 | _a978-0-415-28751-7 | ||
| 082 | _a801.95 | ||
| 100 |
_aJameson, _eFredric ., |
||
| 245 | 0 |
_aThe Political Unconnscious _cFredric Jameson _hTextual Documents |
|
| 260 |
_aNew York: _bRoutledge. |
||
| 300 |
_a296p: _c22cm. |
||
| 653 | _aLiterature | ||
| 653 | _aG - Literature | ||
| 942 |
_2ddc _cBK |
||
| 999 |
_c58550 _d58550 |
||